Genshin Bosses - Statistics

General Stats
  • This quiz has been taken 112 times
    68 since last reset
  • The average score is 18 of 46
Answer Stats
Hint Answer % Correct
Stormbearer Mountains Anemo Hypostasis
94%
Dragonspine Cryo Hypostasis
94%
Cape Oath Electro Hypostasis
94%
Guyun Stone Forest Geo Hypostasis
94%
Watatsumi Island Hydro Hypostasis
88%
Stormterror's Lair Stormterror
82%
Starfell Valley Cryo Regisvine
79%
Cuijue Slope Pyro Regisvine
79%
Kannazuka Pyro Hypostasis
68%
Land of Lower Setekh Dendro Hypostasis
65%
Wolvendom Andrius
62%
Mawtiyima Forest Electro Regisvine
62%
Bishui Plain Oceanid
59%
Plane of Euthymia Raiden Shogun
59%
Golden House Tartaglia
59%
Tianqiu Valley Primo Geovishap
50%
Nantianmen Azdaha
47%
Serpent's Head Maguu Kenki
47%
Amakumo Peak Thunder Manifestation
47%
Wenut Tunnels Setekh Wenut
44%
Tenshukaku La Signora
41%
Tsurumi Island Golden Wolflord
32%
Ardravi Valley Aeonblight Drake
29%
Chenyu Vale Solitary Suanni
29%
Beryl Region Hydro Tulpa
26%
Vissudha Field Jadeplume Terrorshroom
26%
Narukami Island Perpetual Mechanical Array
26%
Serpent's Cave Ruin Serpent
24%
Chinvat Ravine Scaramouche
24%
Hypostyle Desert Algorithm of Semi-Transient Matrix of Overseer Network
21%
Mount Esus East Arlecchino
21%
Court of Fontaine Icewind Suite
21%
Shadow of Another World All-Devouring Narwhal
18%
Belleau Region Emperor of Fire and Iron
18%
Gavireh Lajavard Iniquitous Baptist
9%
Liffey Region Millenial Pearl Seahorse
9%
Toyac Springs Secret Source Automaton
9%
Tezcatepetonco Range Wayward Hermetic Spiritspeaker
9%
Apep's Oasis Guardian of Apep's Oasis
6%
Tequemecan Valley Kongamato
6%
Tezcatepetonco Range Lord of Eroded Primal Fire
6%
Dainichi Mikoshi Coral Defenders
3%
Huitztli Hill Holawaqa Ngoubou
3%
Academic Assembly Hall Prototype Cal.Breguet
3%
Quahuacan Cliff Tenebrous Papilla
3%
Nostoi Region 'Statue of Marble and Brass'
0%
No matching quizzes found
Score Distribution
Percent of People with Each Score
Percentile by Number Answered
Your Score History
You have not taken this quiz since the last reset